Регионална библиотека "Любен Каравелов" - Русе

Дни и нощи ; Случаят с Полинин ; София Леонидовна (Запис номер 187606)

MARC детайли
000 -Лидер
Контролно поле с фиксирана дължина 02181nam a2200361 c 4500
003 - Код на организацията, давaща контролен номер
Контролно поле BLK
005 - Дата и час на последна редакция
Контролно поле 20241112113324.0
008 - Елементи от данни с фиксирана дължина
fixed length control field 180411b bul|||||r ||||||| ||bul||
010 ## - Наследен системен номер
LC control number KNG00196622000
040 ## - Източник на каталожния запис
Идентификатор на билиотеката - собственик на записа BLK
041 ## - Код за език
Код за езика на текст/звукозапис или на отделно заглавие Български
Код за езика КДБФ Български
080 ## - УДК
Текстов определител УДК Руска литература
УДК код - определител по УДК 821.161.1
УДК определител -32
УДК - код + определител 821.161.1-32
100 1# - Редна дума - Автор
Автор Симонов, Константин Михайлович
Авторска отговорност първи автор
R(LIN) 382989
139 ## - Редно поле
Редна дума Симонов, Константин Михайлович
Авторски знак Сим - С 37
245 10 - Сведения за заглавието
Заглавие Дни и нощи ; Случаят с Полинин ; София Леонидовна
Подзаглавни данни Повести
Редно поле (дума) Константин Михайлович Симонов; прев. от рус. Тодор Харманджиев; прев. от рус. Майя Праматарова; състав. Доля Борисова Петринска; състав. Катя Топчиева; предг. от Маргарита Митовска; послесл. от Л. Лазарев.
257 ## - Страна на издаване
Страна на създаване/издаване България
260 ## - Област на издателските данни
-- София
Име на издателя, разпространителя и проч. Партиздат
Година на издаване 1986
300 ## - Физическа характеристика
Страници 480 с.
Размери/Мащаб 21 см
380 ## - Жанр
Жанр Худож. лит.
500 ## - Общи забележки
Забележка Прев. е направен от Собрание сочинений в 10 т. Т. 2, 3 ; София Леонидовна / Константин Симонов. - 27 110 тир.
700 1# - Други автори (авторска отговорност)
Лично име Харманджиев, Тодор
Друга информация Харманджиев, Тодор Александров, Илиев, Тодор Александров, Василев, Тодор Александров
Звания и думи, свързани с автора поет, преводач
Дати, свързани с автора 1905-1993
Пълна форма на името Илиев, Тодор Александров
9 (RLIN) 249306
700 1# - Други автори (авторска отговорност)
Лично име Праматарова, Майя
Автороска отговорност (Описва отношението между автора и произведението) прев. от рус.
9 (RLIN) 306231
700 1# - Други автори (авторска отговорност)
Лично име Петринска, Доля Борисова
9 (RLIN) 277377
700 1# - Други автори (авторска отговорност)
Лично име Топчиева, Катя
Автороска отговорност (Описва отношението между автора и произведението) състав.
9 (RLIN) 376765
700 1# - Други автори (авторска отговорност)
Лично име Митовска, Маргарита
Автороска отговорност (Описва отношението между автора и произведението) предг. от
9 (RLIN) 376762
700 1# - Други автори (авторска отговорност)
Лично име Лазарев, Л.
Автороска отговорност (Описва отношението между автора и произведението) послесл. от
9 (RLIN) 344393
852 ## - Местоположение
Форматна сигнатура Цб 142935
856 4# - Електронен адрес и достъп
Електронен формат pdf - файл
Път до файла /url/
856 4# - Електронен адрес и достъп
Електронен формат pdf - файл
Път до файла /url/
942 ## - АРТИКУЛИ
Вид на библиотечния материал Книги
Скрит в OPAC Не
Koha issues (borrowed), all copies 2
944 ## - СЪЗДАВАНЕ И РЕДАКЦИЯ на ЗАПИСА
Създаване/Редакция Създаване
Дата на регистрацията/редакция 22.11.2016
Служител, извършил регистрацията/редакцията 30575
Статус, дата на статуса Мартин Енчев
944 ## - СЪЗДАВАНЕ И РЕДАКЦИЯ на ЗАПИСА
Създаване/Редакция Редакция
Дата на регистрацията/редакция 22.11.2016
Служител, извършил регистрацията/редакцията Нора_Радева
999 ## - СИСТЕМНИ КОНТРОЛНИ НОМЕРА
Koha biblionumber 187606
Koha biblioitemnumber 187606
Наличности
Код за отписване Код за изгубен артикул Източник на класификационната схема Код за повреда Коз за рестрикции Код за отдаване Артикулен № Име на библиотеката - собственик Име на библиотеката, в която се намира в момента Статус (Текущо местоположение) Дата на вписване в системата Местоположение - отдел Цена в лева Инвентарен номер Систематично азбучна сигнатура Баркод Номер на екземпляра Цена в евро Служебна бележка Служебен тип на артикула Бележка за публиката
  Не е изгубен Universal Decimal Classification Не е повреден само за читалня ползва се в читалня 327716 Регионална библиотека "Любен Каравелов" Русе Регионална библиотека "Любен Каравелов" Русе Хранилище 1986-01-01 Хранилище 3.75 451615 Цб 142935 120000451615 1 1.92 Вид: Сф Дата: 01.01.1986 Книги  
  Не е изгубен Universal Decimal Classification Не е повреден без рестрикции заемане за дома 327717 Регионална библиотека "Любен Каравелов" Русе Регионална библиотека "Любен Каравелов" Русе Заемна - подръчен фонд 1986-01-01 Заемна - подръчен фонд 3.75 458813 П 882-32/С 37 120000458813 2 1.92 Вид: Сф Дата: 01.01.1986 Дата инв: 09.02.2018 Бележки инв: П2018 Книги  
Изтеглен Не е изгубен   Не е повреден без рестрикции заемане за дома 327718 Регионална библиотека "Любен Каравелов" Русе Регионална библиотека "Любен Каравелов" Русе   1986-01-01 Заемна - подръчен фонд 3.75 458812 П 882-32/С 37 458812 3 1.92 Вид: Сф Дата: 01.01.1986 Книги Отч.N: 5 , Дата: 19.01.2018
Vip Innovations Ltd, Rousse, Bulgaria 2025